African Journal of Reproduction and Gynecological Endoscopy (Record no. 37366)

MARC details
000 -LEADER
fixed length control field 00446nam a2200145Ia 4500
022 ## - INTERNATIONAL STANDARD SERIAL NUMBER
ISSN 2950-3833
050 ## - CALL MARK
Classification number RG120 .A37
245 ## - TITLE STATEMENT
Title African Journal of Reproduction and Gynecological Endoscopy
250 ## - EDITION / VOLUME STATEMENT
Edition / Volume statement Vol. 8, No. 1
260 ## - PUBLICATION, DISTRIBUTION, ETC. (IMPRINT)
Place of publication India
Name of publisher Wolters Kluwer – Medknow
Year of publication 2023
300 ## - PHYSICAL DESCRIPTION
Number of Pages 47 p. : ill. ; 29 cm.
650 ## - SUBJECT ADDED ENTRY--TOPICAL TERM
Topical Term Gynecological endoscopy--periodicals Reproduction--periodicals
942 ## - ADDED ENTRY ELEMENTS (KOHA)
Koha item type Serials
Source of classification Library of Congress Classification

No items available.